[Event "TCh-ISR 2019"]
[Site "Israel ISR"]
[Date "2019.02.15"]
[Round "5.4"]
[Board "1"]
[White "Kuzubov, Yuriy"]
[Black "Zilberman, Yaacov"]
[Result "1/2-1/2"]
[WhiteTitle "GM"]
[BlackTitle "GM"]
[WhiteElo "2651"]
[BlackElo "2334"]
[WhiteTeam "Tsafrir Rehovot Alef"]
[BlackTeam "haPoel Kfar Saba Bet"]
[WhiteFideId "14112906"]
[BlackFideId "2801612"]
[EventDate "2019.01.04"]

1. d4 Nf6 2. c4 e6 3. Nf3 d5 4. g3 Bb4+ 5. Bd2 Be7 6. Bg2 O-O 7. O-O Nbd7 8. Qc2
c6 9. a4 a5 10. Nc3 dxc4 11. e4 b6 12. Bf4 Ra7 13. Rfd1 h6 14. d5 exd5 15. exd5
Nxd5 16. Nxd5 cxd5 17. Nd4 Bb7 18. Nb5 Ra8 19. Nc7 Ra7 20. Nxd5 Bc5 21. Bh3 Ba8
22. Qxc4 Nf6 23. Nc7 Rxc7 24. Rxd8 Bxf2+ 25. Kxf2 Rxc4 26. Rxf8+ Kxf8 27. Rc1
Rxc1 28. Bxc1 Bc6 29. Be3 Nd5 30. Bd4 Bxa4 31. Bg2 Bb3 32. Bxd5 Bxd5 33. Bxb6 1/2-1/2

[Event "TCh-ISR 2019"]
[Site "Israel ISR"]
[Date "2019.02.15"]
[Round "5.4"]
[Board "3"]
[White "Veinberg, Nimrod"]
[Black "Finkel, Alexander"]
[Result "1/2-1/2"]
[WhiteTitle "IM"]
[BlackTitle "GM"]
[WhiteElo "2399"]
[BlackElo "2453"]
[WhiteTeam "Tsafrir Rehovot Alef"]
[BlackTeam "haPoel Kfar Saba Bet"]
[WhiteFideId "2810280"]
[BlackFideId "2801957"]
[EventDate "2019.01.04"]

1. d4 d6 2. c4 e5 3. d5 f5 4. e4 fxe4 5. Nc3 Nf6 6. Nge2 Bf5 7. Ng3 Bg6 8. Bg5
Qd7 9. Be2 Na6 10. h4 Nc5 11. O-O Be7 12. Bxf6 gxf6 13. h5 Bf5 14. b4 Nd3 15.
Nxf5 Qxf5 16. Bg4 Qf4 17. g3 Qh6 18. Nxe4 Nf4 19. gxf4 Rg8 20. f5 Qxh5 21. f3
Qxf5 22. Kh1 Qf4 23. Qc2 Kf8 24. Bh3 f5 25. Rae1 Rg6 26. Re2 Kg7 27. Nc3 Rf8 28.
Nd1 Rff6 29. Rh2 Rg3 30. Qf2 Rh6 31. Qxg3+ Qxg3 32. Rg1 f4 33. Rxg3+ fxg3 34.
Ne3 Rh5 35. Nf5+ Rxf5 36. Bxf5 gxh2 37. Kxh2 h5 38. Kg3 Bg5 39. c5 Bd2 40. cxd6
cxd6 41. b5 Be1+ 42. Kg2 Kf6 43. b6 axb6 44. Bc8 b5 45. Bxb7 b4 46. Bc8 Kg5 47.
Bd7 Kf4 48. Bc8 Ke3 49. Bd7 Kd3 50. Bb5+ Kd4 51. Bc6 h4 52. Bb7 Kd3 53. Bc6 Bd2
54. Bb5+ Kd4 55. Bc6 Bf4 56. Bb7 Kd3 57. Bc6 Kd2 58. Bb5 Kc3 59. Ba4 Bg5 60. Bb5
Bd8 61. Ba4 Be7 62. Bb5 Kc2 63. Ba4+ Kb2 64. Bb3 Bd8 65. Bc4 Kc2 66. Bb5 Bf6 67.
Ba4+ Kc3 68. Bb5 Kd4 69. Bc6 Kc4 70. Bb7 Kc5 71. Bc6 Kd4 72. Bb7 Ke3 73. Bc8 Kd3
74. Ba6+ Kc2 75. Bb5 Kc3 76. Ba4 Be7 77. Bb5 Kb2 78. Bc4 Bf6 79. Bb3 Kc3 1/2-1/2

[Event "TCh-ISR 2019"]
[Site "Israel ISR"]
[Date "2019.02.15"]
[Round "5.5"]
[Board "1"]
[White "Rodshtein, Maxim"]
[Black "Rechlis, Gad"]
[Result "1-0"]
[WhiteTitle "GM"]
[BlackTitle "GM"]
[WhiteElo "2668"]
[BlackElo "2526"]
[WhiteTeam "Beer Sheva Alef in name of Eliyahu Levant"]
[BlackTeam "haPoel Petah Tiqwa Alef"]
[WhiteFideId "2806851"]
[BlackFideId "2800047"]
[EventDate "2019.01.04"]

1. d4 Nf6 2. c4 e6 3. Nf3 c5 4. d5 exd5 5. cxd5 d6 6. Nc3 g6 7. Nd2 Nbd7 8. e4
Bg7 9. Be2 O-O 10. O-O Re8 11. a4 Ne5 12. Ra3 a6 13. a5 Rb8 14. Qc2 Qe7 15. h3
g5 16. Na4 g4 17. hxg4 Bxg4 18. Re1 Ng6 19. Nb6 h5 20. f3 Nd7 21. Nf1 Nxb6 22.
fxg4 Nd7 23. gxh5 Bd4+ 24. Be3 Nf4 25. Bxd4 cxd4 26. Rg3+ Kf8 27. Bd1 Ne5 28.
Qd2 Qf6 29. Rb3 Ke7 30. Ng3 Qg5 31. Qxd4 Kd7 32. Rc3 Rg8 33. Ree3 Ke8 34. Qb6
Rd8 35. Qxb7 Ng4 36. Rf3 Ne5 37. Rfe3 Ng4 38. Bxg4 Qxg4 39. Qxa6 Nxh5 40. Qe2
Nf6 41. Nf5 1-0

[Event "TCh-ISR 2019"]
[Site "Israel ISR"]
[Date "2019.02.15"]
[Round "5.5"]
[Board "2"]
[White "Sivuk, Vitaly"]
[Black "Postny, Evgeny"]
[Result "1-0"]
[WhiteTitle "GM"]
[BlackTitle "GM"]
[WhiteElo "2552"]
[BlackElo "2623"]
[WhiteTeam "haPoel Petah Tiqwa Alef"]
[BlackTeam "Beer Sheva Alef in name of Eliyahu Levant"]
[WhiteFideId "14116502"]
[BlackFideId "2804344"]
[EventDate "2019.01.04"]

1. d4 d5 2. Nf3 Nf6 3. c4 c6 4. Nc3 dxc4 5. a4 e6 6. g3 c5 7. Bg2 Nc6 8. dxc5
Qxd1+ 9. Nxd1 Bxc5 10. Be3 Bb4+ 11. Bd2 Ke7 12. Ne3 Bxd2+ 13. Nxd2 c3 14. bxc3
Na5 15. Nec4 Nxc4 16. Nxc4 Bd7 17. Ne5 Rac8 18. Bxb7 Rxc3 19. a5 Bb5 20. O-O Rb8
21. a6 Nd7 22. Rfb1 Nxe5 23. Rxb5 Nd7 24. h4 Rc7 25. Rb4 Rd8 26. e3 Nf6 27. Ra2
Rd6 28. Bf3 Ne8 29. Rb7 Rdd7 30. Rab2 Nd6 31. Kg2 Rc5 32. h5 h6 33. R2b4 f5 34.
g4 Rdc7 35. gxf5 Nxf5 36. Rb8 Nd6 37. R4b7 e5 38. Rg8 Kf6 39. Bd5 e4 40. Ra8 Nb5
41. Bxe4 Rg5+ 42. Kf3 Rc3 43. Rf8+ Ke6 44. Bg6 Ra3 45. Rxg7 Rxa6 46. Rh7 1-0

[Event "TCh-ISR 2019"]
[Site "Israel ISR"]
[Date "2019.02.15"]
[Round "5.5"]
[Board "4"]
[White "Drori, Saar"]
[Black "Roiz, Michael"]
[Result "0-1"]
[WhiteTitle "IM"]
[BlackTitle "GM"]
[WhiteElo "2386"]
[BlackElo "2605"]
[WhiteTeam "haPoel Petah Tiqwa Alef"]
[BlackTeam "Beer Sheva Alef in name of Eliyahu Levant"]
[WhiteFideId "2812444"]
[BlackFideId "2804158"]
[EventDate "2019.01.04"]

1. e4 e5 2. Nf3 Nc6 3. Bc4 Bc5 4. c3 Nf6 5. d3 d6 6. a4 a5 7. O-O h6 8. Na3 O-O
9. Nc2 Be6 10. b3 d5 11. exd5 Bxd5 12. Ba3 Bxa3 13. Nxa3 Re8 14. Nd2 Re7 15. Qc2
Bxc4 16. Ndxc4 Qd7 17. Nb5 Rd8 18. Rad1 Qf5 19. Ne3 Qg6 20. Rd2 Red7 21. Rfd1 h5
22. h3 b6 23. Re2 h4 24. d4 exd4 25. cxd4 Nb4 26. Qxg6 fxg6 27. Nc4 g5 28. Re5
Nc6 29. Rxg5 Nxd4 30. Rxd4 Rxd4 31. Nxd4 Rxd4 32. Re5 Rd1+ 33. Kh2 Rd3 34. Re3
Rxe3 35. Nxe3 Kf7 36. g3 Ke6 37. f4 hxg3+ 38. Kxg3 Ne4+ 39. Kg4 Nd2 40. Kg5 Kf7
41. f5 Nxb3 42. Nc4 Nc5 43. Ne5+ Kg8 44. Kg6 Nxa4 45. h4 Nc3 46. f6 gxf6 47. Nc6
Nd5 48. h5 Nf4+ 49. Kxf6 a4 50. Ke5 a3 0-1

[Event "TCh-ISR 2019"]
[Site "Israel ISR"]
[Date "2019.02.15"]
[Round "5.5"]
[Board "5"]
[White "Huzman, Alexander"]
[Black "Manor, Ilan"]
[Result "1/2-1/2"]
[WhiteTitle "GM"]
[BlackTitle "GM"]
[WhiteElo "2580"]
[BlackElo "2472"]
[WhiteTeam "Beer Sheva Alef in name of Eliyahu Levant"]
[BlackTeam "haPoel Petah Tiqwa Alef"]
[WhiteFideId "2803828"]
[BlackFideId "2800110"]
[EventDate "2019.01.04"]

1. Nf3 g6 2. d4 Bg7 3. e4 c6 4. Nc3 d5 5. h3 Nh6 6. Bf4 f6 7. exd5 cxd5 8. Nb5
Na6 9. c4 Nf7 10. cxd5 Qxd5 11. Nc3 Qe6+ 12. Be2 O-O 13. O-O Qb6 14. a3 Bf5 15.
Nd5 Qd8 16. Qb3 e5 17. Qxb7 Rb8 18. Qxa6 exf4 19. Nxf4 Ng5 20. b4 Nxf3+ 21. Bxf3
Qxd4 22. Ne6 Bxe6 23. Qxe6+ Kh8 24. Rfd1 Qb2 25. Qa6 Rf7 26. Rab1 Qe5 27. Rd5
Qf4 28. Rbd1 f5 29. Qe6 Qc7 30. g3 Rbf8 31. Kg2 Qc4 32. Qd6 g5 33. Rc5 Qb3 34.
Rd3 Qb2 35. Rc4 Qb1 36. Qd5 Re7 37. Rd1 Qb2 38. Qd6 Ref7 39. Bd5 Rf6 40. Qd7 f4
41. Rc7 Rg6 42. g4 f3+ 43. Kg1 Rh6 44. Rc8 Rxh3 45. Qe6 Rg3+ 46. Kh1 Rh3+ 47.
Kg1 1/2-1/2

[Event "TCh-ISR 2019"]
[Site "Israel ISR"]
[Date "2019.02.15"]
[Round "5.6"]
[Board "1"]
[White "Soffer, Ram"]
[Black "Zoler, Dan"]
[Result "0-1"]
[WhiteTitle "GM"]
[BlackTitle "GM"]
[WhiteElo "2477"]
[BlackElo "2503"]
[WhiteTeam "ASA Shlomo Har-Tsvi Tel Aviv"]
[BlackTeam "Hertslia"]
[WhiteFideId "2800101"]
[BlackFideId "2800705"]
[EventDate "2019.01.04"]

1. e4 c5 2. Nf3 d6 3. Bb5+ Bd7 4. Bxd7+ Qxd7 5. c4 Nc6 6. d4 cxd4 7. Nxd4 Nf6 8.
Nc3 g6 9. b3 Bg7 10. Bb2 O-O 11. O-O a6 12. Re1 e6 13. Rc1 Nxd4 14. Qxd4 b5 15.
cxb5 axb5 16. Qb4 Rfb8 17. Rcd1 Ne8 18. Ba1 Qc6 19. Rc1 Qb6 20. Red1 Qa5 21.
Qxa5 Rxa5 22. a4 bxa4 23. bxa4 Rc8 24. Nb5 Rxc1 25. Rxc1 Rxa4 26. Bxg7 Kxg7 27.
f3 Kf8 28. Rc8 Ke7 29. Rb8 Ra1+ 30. Kf2 Ra2+ 31. Kg3 Nf6 32. Rb7+ Nd7 33. Rc7 d5
34. exd5 exd5 35. Nd4 Ra4 36. Ne2 Kd6 37. Rc2 Nc5 38. Rd2 Ra3 39. Rb2 Ke5 40.
Rb5 Ne4+ 41. Kh3 Nd6 42. Rc5 Rd3 43. Rc7 h5 44. Re7+ Kf6 45. Rd7 Ke6 46. Nf4+
Kxd7 47. Nxd3 Kc6 48. g4 hxg4+ 49. fxg4 d4 50. Kg3 Kd5 51. h4 Ke4 52. Nc5+ Ke3
53. h5 d3 54. Na4 Ne4+ 55. Kg2 d2 56. Nb2 Ke2 57. h6 Ng5 58. Kg3 d1=Q 59. Nxd1
Kxd1 60. Kf4 f6 61. Ke3 Ke1 62. Kd4 Kf2 0-1

[Event "TCh-ISR 2019"]
[Site "Israel ISR"]
[Date "2019.02.15"]
[Round "5.6"]
[Board "5"]
[White "Kreizberg, Michael"]
[Black "Haimovich, Tal"]
[Result "1/2-1/2"]
[WhiteTitle "FM"]
[BlackTitle "IM"]
[WhiteElo "2297"]
[BlackElo "2408"]
[WhiteTeam "ASA Shlomo Har-Tsvi Tel Aviv"]
[BlackTeam "Hertslia"]
[WhiteFideId "2803372"]
[BlackFideId "2801698"]
[EventDate "2019.01.04"]

1. d4 Nf6 2. c4 e6 3. g3 c5 4. d5 exd5 5. cxd5 d6 6. Nc3 g6 7. Bg2 Bg7 8. Nf3
O-O 9. O-O Re8 10. Bf4 Ne4 11. Nxe4 Rxe4 12. Nd2 Rb4 13. a3 Rxf4 14. gxf4 Bxb2
15. Rb1 Bg7 16. e4 Nd7 17. Nf3 Bh6 18. Ng5 Nf6 19. e5 dxe5 20. Nxf7 Kxf7 21.
fxe5 Nh5 22. d6 Nf4 23. d7 Qxd7 24. Rxb7 Ne2+ 25. Kh1 Qxb7 26. Bxb7 Bxb7+ 27. f3
Nd4 28. Qa4 Kg8 29. Qc4+ Kh8 30. Qxc5 Nxf3 31. Rb1 Be4 32. Rb4 Nd4+ 33. Kg1 Be3+
34. Kf1 Nf5 35. Qc7 Bd3+ 36. Ke1 Bb6 37. Qc3 Rd8 38. e6+ Kg8 39. Rxb6 axb6 40.
Qc7 Rf8 41. Qd7 Bc4 42. e7 Nxe7 43. Qxe7 b5 44. Kd2 Rf5 45. Ke3 Bf7 46. Qd8+ Kg7
47. Qd4+ Kf8 48. Qd8+ Be8 49. Qd6+ Kf7 50. Qc7+ Kg8 51. Qe7 Bf7 52. Qd8+ Kg7 53.
Qd4+ Kh6 54. Qh4+ Rh5 55. Qf4+ Kg7 56. Qd4+ Kf8 57. Qd6+ Ke8 58. Qb8+ Kd7 59.
Qb7+ Ke6 60. Qc6+ Ke7 61. Qc7+ Kf6 62. Qd8+ 1/2-1/2

[Event "TCh-ISR 2019"]
[Site "Israel ISR"]
[Date "2019.02.16"]
[Round "6.1"]
[Board "1"]
[White "Zubov, Alexander"]
[Black "Grinberg, Eyal"]
[Result "1/2-1/2"]
[WhiteTitle "GM"]
[BlackTitle "IM"]
[WhiteElo "2598"]
[BlackElo "2470"]
[WhiteTeam "Elitsur Dov Petah Tiqwa"]
[BlackTeam "Kfar Saba"]
[WhiteFideId "14109409"]
[BlackFideId "2806070"]
[EventDate "2019.01.04"]

1. Nf3 d5 2. e3 Nf6 3. c4 c6 4. Nc3 e6 5. b3 Nbd7 6. Bb2 b6 7. d4 Bb7 8. Bd3 Bd6
9. O-O O-O 10. Re1 c5 11. cxd5 cxd4 12. Nxd4 Nxd5 13. Nxd5 Bxd5 14. Qh5 g6 15.
Qh6 Qf6 16. Rab1 Be5 17. f4 Qg7 18. Qxg7+ Bxg7 19. e4 Bb7 20. e5 Rfd8 21. Rbd1 1/2-1/2

[Event "TCh-ISR 2019"]
[Site "Israel ISR"]
[Date "2019.02.16"]
[Round "6.1"]
[Board "2"]
[White "Givon, Asaf"]
[Black "Oratovsky, Michael"]
[Result "1/2-1/2"]
[WhiteTitle "IM"]
[BlackTitle "GM"]
[WhiteElo "2465"]
[BlackElo "2462"]
[WhiteTeam "Kfar Saba"]
[BlackTeam "Elitsur Dov Petah Tiqwa"]
[WhiteFideId "2801841"]
[BlackFideId "2802090"]
[EventDate "2019.01.04"]

1. e4 d6 2. d4 Nf6 3. Nc3 e5 4. Nf3 Nbd7 5. Bc4 Be7 6. a4 O-O 7. O-O c6 8. Re1
a5 9. h3 Nb6 10. Bf1 exd4 11. Nxd4 d5 12. e5 Ne8 13. Qd3 g6 14. b3 Ng7 15. Nce2
Nd7 16. Ng3 Re8 17. e6 Nxe6 18. Nxe6 fxe6 19. Rxe6 Bf6 20. Rxe8+ 1/2-1/2

[Event "TCh-ISR 2019"]
[Site "Israel ISR"]
[Date "2019.02.16"]
[Round "6.1"]
[Board "3"]
[White "Flom, Gabriel"]
[Black "Mindlin, Alon"]
[Result "1-0"]
[WhiteTitle "IM"]
[BlackTitle "IM"]
[WhiteElo "2467"]
[BlackElo "2462"]
[WhiteTeam "Elitsur Dov Petah Tiqwa"]
[BlackTeam "Kfar Saba"]
[WhiteFideId "621650"]
[BlackFideId "2800071"]
[EventDate "2019.01.04"]

1. d4 Nf6 2. c4 e6 3. Nc3 Bb4 4. g3 O-O 5. Bg2 d6 6. Nf3 Qe7 7. O-O Bxc3 8. bxc3
Nbd7 9. Nd2 e5 10. e4 b6 11. f4 Bb7 12. fxe5 dxe5 13. d5 c6 14. a4 Nc5 15. Ba3
Nfd7 16. Qe2 Rfe8 17. Bh3 Nf6 18. Qe3 cxd5 19. cxd5 Bc8 20. Bxc5 bxc5 21. Bxc8
Rexc8 22. Nc4 Rab8 23. Ra2 h5 24. Qf3 Rb3 25. Ne3 c4 26. Nf5 Qc5+ 27. Kh1 Rb6
28. a5 Ra6 29. Rb2 g6 30. d6 gxf5 31. Qxf5 Rxd6 32. Qg5+ Kf8 33. Rxf6 Rxf6 34.
Qxf6 Qc6 35. Qh8+ Ke7 36. Qxe5+ Kf8 37. Rb5 Qh6 38. Qf4 Qxf4 39. gxf4 Re8 40. e5
f6 41. Kg2 fxe5 42. Rxe5 Rd8 43. Rxh5 Rd2+ 44. Kf3 Rd3+ 45. Kg4 Rxc3 46. Rh8+
Kg7 47. Ra8 Ra3 48. Rxa7+ Kg6 49. Ra6+ Kg7 1-0

[Event "TCh-ISR 2019"]
[Site "Israel ISR"]
[Date "2019.02.16"]
[Round "6.1"]
[Board "4"]
[White "Rozentalis, Eduardas"]
[Black "Bykhovsky, Avigdor"]
[Result "1-0"]
[WhiteTitle "GM"]
[BlackTitle "GM"]
[WhiteElo "2526"]
[BlackElo "2419"]
[WhiteTeam "Kfar Saba"]
[BlackTeam "Elitsur Dov Petah Tiqwa"]
[WhiteFideId "12800023"]
[BlackFideId "4101057"]
[EventDate "2019.01.04"]

1. e4 e6 2. d4 d5 3. Nd2 Nf6 4. e5 Nfd7 5. Bd3 c5 6. c3 Nc6 7. Ne2 cxd4 8. cxd4
f6 9. exf6 Qxf6 10. Nf3 Bd6 11. Bg5 Qf7 12. Bh4 h6 13. Bg3 Bxg3 14. hxg3 O-O 15.
Nf4 Qf6 16. Rc1 Rd8 17. O-O Nf8 18. Re1 Bd7 19. Rc3 Rac8 20. Bb1 Be8 21. Rce3
Bf7 22. Ne5 Nxe5 23. Rxe5 Rc6 24. Qd2 Rdc8 25. Bd3 a6 26. a3 Kh8 27. Nxd5 exd5
28. Rf5 Qxd4 29. Rxf7 b5 30. Rf4 Qc5 31. Bb1 Kg8 32. Rf5 Rd8 33. Ba2 Rcd6 34.
Ree5 Kh8 35. Rxd5 Ng6 36. Rxd6 Rxd6 37. Rxc5 Rxd2 38. Rc8+ Kh7 39. Bg8+ 1-0

[Event "TCh-ISR 2019"]
[Site "Israel ISR"]
[Date "2019.02.16"]
[Round "6.1"]
[Board "5"]
[White "Deutsch, Eyal"]
[Black "Gorshtein, Ido"]
[Result "1/2-1/2"]
[WhiteTitle "IM"]
[BlackTitle "FM"]
[WhiteElo "2350"]
[BlackElo "2382"]
[WhiteTeam "Elitsur Dov Petah Tiqwa"]
[BlackTeam "Kfar Saba"]
[WhiteFideId "2803917"]
[BlackFideId "2815532"]
[EventDate "2019.01.04"]

1. e4 c6 2. Nc3 d5 3. Nf3 dxe4 4. Nxe4 Nf6 5. Nxf6+ exf6 6. Bc4 Bd6 7. Qe2+ Qe7
8. Qxe7+ Kxe7 9. O-O Be6 10. Re1 Kd7 11. Be2 a5 12. Nd4 Na6 13. Nxe6 fxe6 14. c3
e5 15. d3 Rhe8 16. Be3 f5 17. Rad1 Nc7 18. g3 g6 19. Bf3 Ne6 20. Bg2 h5 21. d4
exd4 22. Bxd4 Nxd4 23. cxd4 Rxe1+ 1/2-1/2

[Event "TCh-ISR 2019"]
[Site "Israel ISR"]
[Date "2019.02.16"]
[Round "6.1"]
[Board "6"]
[White "Ben Artzi, Ido"]
[Black "Mesropov, Konstantin"]
[Result "1-0"]
[WhiteTitle "IM"]
[BlackTitle "IM"]
[WhiteElo "2382"]
[BlackElo "2431"]
[WhiteTeam "Kfar Saba"]
[BlackTeam "Elitsur Dov Petah Tiqwa"]
[WhiteFideId "2810913"]
[BlackFideId "4116887"]
[EventDate "2019.01.04"]

1. d4 Nf6 2. c4 e6 3. Nc3 Bb4 4. e3 c5 5. Nf3 Bxc3+ 6. bxc3 Nc6 7. Bd3 d6 8. O-O
e5 9. Nd2 O-O 10. Re1 h6 11. Rb1 b6 12. Nf1 e4 13. Bc2 Bf5 14. Ng3 Bg6 15. Rf1
Na5 16. f4 exf3 17. gxf3 d5 18. Bxg6 fxg6 19. cxd5 Nxd5 20. Qd3 cxd4 21. cxd4
Rc8 22. e4 Rc3 23. Qd2 Nc4 24. Qe1 Re8 25. Rb5 Nce3 26. Bxe3 Rxe3 27. Qd2 Nc7
28. Qxe3 Nxb5 29. Qb3+ Kh7 30. Qxb5 Qxd4+ 31. Kg2 Re5 32. Qb3 Rc5 33. Rd1 Qf6
34. Qe3 h5 35. Ne2 Rg5+ 36. Kh1 Ra5 37. Nc3 Rc5 38. Nd5 Qe5 39. Qd4 Qe6 40. Rg1
Rc2 41. Nf4 Qxa2 42. Rxg6 Qf7 43. Rg5 Rc5 44. e5 Rc1+ 45. Kg2 Rc2+ 46. Kh3 Rc4
47. Qd3+ Kg8 48. Qd8+ Qf8 49. Rxg7+ 1-0

[Event "TCh-ISR 2019"]
[Site "Israel ISR"]
[Date "2019.02.16"]
[Round "6.2"]
[Board "1"]
[White "Abergel, Thal"]
[Black "Eljanov, Pavel"]
[Result "1/2-1/2"]
[WhiteTitle "GM"]
[BlackTitle "GM"]
[WhiteElo "2422"]
[BlackElo "2680"]
[WhiteTeam "Elitsur Ironi Netanya named Itshak Shlakman"]
[BlackTeam "Ashdod Elit"]
[WhiteFideId "614890"]
[BlackFideId "14102951"]
[EventDate "2019.01.04"]
[EventType "team-tourn"]

1. e4 c6 2. d4 d5 3. e5 Bf5 4. Nf3 e6 5. Be2 Ne7 6. Nbd2 c5 7. dxc5 Nec6 8. O-O
Bxc5 9. Nb3 Be7 10. c4 Be4 11. Bf4 Nd7 12. Bg3 O-O 13. Nbd2 Nc5 14. cxd5 Bxd5
15. Nc4 Qc7 16. Qc1 Ne4 17. Bf4 Rac8 18. Ne3 Qb6 19. Qb1 h6 20. Bd3 Ng5 21. Bxg5
Bxg5 22. Nxd5 exd5 23. Bf5 Rc7 24. Qd3 Ne7 25. Bg4 Rc4 26. h3 Bf4 27. b3 Re4 28.
Rae1 Qg6 29. Nh4 Qc6 30. Nf3 Qg6 31. Nh4 Qa6 32. Qxa6 bxa6 33. Nf3 Ng6 34. Bf5
Rxe1 35. Rxe1 Ne7 36. Bd3 Rc8 37. Bxa6 Rc3 38. Kf1 Nc6 39. Bb7 Nb4 40. Rd1 Rc5
41. a3 Na2 42. g3 Rc1 43. Rxc1 Bxc1 44. Bxd5 Nc3 45. Bc4 Bxa3 46. Nh4 Ne4 47.
Kg2 Kf8 48. Nf5 h5 49. f3 Nc3 50. f4 Ne4 51. Bd5 Nc3 52. Bc6 g6 53. Ne3 Ne2 54.
Nd5 h4 55. gxh4 Bc1 56. h5 Nxf4+ 57. Nxf4 1/2-1/2

[Event "TCh-ISR 2019"]
[Site "Israel ISR"]
[Date "2019.02.16"]
[Round "6.2"]
[Board "2"]
[White "Sutovsky, Emil"]
[Black "Poleg, Dan"]
[Result "1-0"]
[WhiteTitle "GM"]
[BlackTitle "FM"]
[WhiteElo "2628"]
[BlackElo "2276"]
[WhiteTeam "Ashdod Elit"]
[BlackTeam "Elitsur Ironi Netanya named Itshak Shlakman"]
[WhiteFideId "2802007"]
[BlackFideId "2812398"]
[EventDate "2019.01.04"]
[EventType "team-tourn"]

1. e4 e5 2. Nf3 Nc6 3. Bb5 g6 4. c3 Bg7 5. d4 exd4 6. cxd4 a6 7. Be2 d5 8. exd5
Nce7 9. Qa4+ Qd7 10. Qc4 Nxd5 11. Ne5 Qd6 12. Nc3 Nge7 13. O-O O-O 14. Bf3 Be6
15. Ne4 Qb4 16. Qd3 Rad8 17. Bg5 f6 18. Bd2 Qb6 19. Nc4 Qb5 20. a4 Nb4 21. Qa3
Qxc4 22. Bxb4 Nc6 23. Bxf8 Rxf8 24. d5 Bxd5 25. Rac1 Qb3 26. Nd2 Qa2 27. Ra1 1-0

[Event "TCh-ISR 2019"]
[Site "Israel ISR"]
[Date "2019.02.16"]
[Round "6.2"]
[Board "3"]
[White "Tifferet, Shaked"]
[Black "Smirin, Ilia"]
[Result "0-1"]
[WhiteTitle "FM"]
[BlackTitle "GM"]
[WhiteElo "2243"]
[BlackElo "2610"]
[WhiteTeam "Elitsur Ironi Netanya named Itshak Shlakman"]
[BlackTeam "Ashdod Elit"]
[WhiteFideId "2811529"]
[BlackFideId "2801990"]
[EventDate "2019.01.04"]
[EventType "team-tourn"]

1. e4 c5 2. Nf3 e6 3. d4 cxd4 4. Nxd4 a6 5. c4 Nf6 6. Nc3 Qc7 7. a3 b6 8. Be2
Bb7 9. f3 d6 10. Be3 Nbd7 11. O-O Be7 12. Rc1 Rc8 13. b4 Qb8 14. Qe1 Bd8 15. Qf2
Bc7 16. g4 h6 17. h4 g5 18. hxg5 hxg5 19. Bxg5 Bd8 20. Nd5 Nxd5 21. exd5 Bxg5
22. dxe6 fxe6 23. Rce1 Nf8 24. Bd3 Kf7 25. Be4 Bh4 26. Qe3 d5 27. Re2 dxe4 28.
fxe4+ Ke8 29. Rf3 Qe5 30. Nf5 exf5 31. Qxb6 Bxe4 32. Rxf5 Qg3+ 33. Kf1 Qh3+ 0-1

[Event "TCh-ISR 2019"]
[Site "Israel ISR"]
[Date "2019.02.16"]
[Round "6.2"]
[Board "4"]
[White "Kogan, Arthur"]
[Black "Poleg, Matan"]
[Result "1-0"]
[WhiteTitle "GM"]
[WhiteElo "2547"]
[BlackElo "2205"]
[WhiteTeam "Ashdod Elit"]
[BlackTeam "Elitsur Ironi Netanya named Itshak Shlakman"]
[WhiteFideId "2800802"]
[BlackFideId "2811472"]
[EventDate "2019.01.04"]
[EventType "team-tourn"]

1. e4 e5 2. Nf3 Nc6 3. Bc4 Bc5 4. d3 Nf6 5. c3 a6 6. O-O Ba7 7. a4 d6 8. Na3 Ne7
9. Bg5 Ng6 10. Nh4 Nxh4 11. Bxh4 h6 12. d4 Qe7 13. Re1 g5 14. Bg3 Be6 15. dxe5
dxe5 16. Qb3 O-O 17. Bxe6 fxe6 18. Re2 Nd7 19. Qxb7 Nc5 20. Qb4 Qf6 21. Qc4 h5
22. h3 h4 23. Bh2 Rad8 24. Kh1 Nd3 25. f4 exf4 26. Rf1 f3 27. gxf3 Ne5 28. Bxe5
Qxe5 29. Rg2 Rf6 30. Qxa6 Be3 31. Nc2 Bf4 32. Nd4 c5 33. Nc6 Qd6 34. e5 Bxe5 35.
Rxg5+ Kf8 36. Rxe5 Rg6 37. Qc4 Qxc6 38. Qxh4 Rd1 39. Qf4+ 1-0

[Event "TCh-ISR 2019"]
[Site "Israel ISR"]
[Date "2019.02.16"]
[Round "6.2"]
[Board "5"]
[White "Lurie, Michael"]
[Black "Bar, Roman"]
[Result "0-1"]
[BlackTitle "IM"]
[WhiteElo "2331"]
[BlackElo "2484"]
[WhiteTeam "Elitsur Ironi Netanya named Itshak Shlakman"]
[BlackTeam "Ashdod Elit"]
[WhiteFideId "2803844"]
[BlackFideId "2803879"]
[EventDate "2019.01.04"]
[EventType "team-tourn"]

1. Nf3 Nf6 2. b3 c5 3. Bb2 e6 4. c4 b6 5. g3 Bb7 6. Bg2 Be7 7. O-O O-O 8. e3 d6
9. d4 Nbd7 10. d5 exd5 11. Nh4 Ne4 12. cxd5 Bxh4 13. Bxe4 Bf6 14. Nc3 Ba6 15.
Re1 b5 16. Qc2 b4 17. Na4 g6 18. Bxf6 Qxf6 19. Nb2 Rfe8 20. Nc4 Bxc4 21. Qxc4 a5
22. a4 bxa3 23. Rxa3 Reb8 24. Bg2 Rb4 25. Qc2 Rab8 26. f4 c4 27. bxc4 Rb2 28.
Qd1 Rxg2+ 0-1

[Event "TCh-ISR 2019"]
[Site "Israel ISR"]
[Date "2019.02.16"]
[Round "6.2"]
[Board "6"]
[White "Golod, Vitali"]
[Black "Kudischewitsch, David"]
[Result "0-1"]
[WhiteTitle "GM"]
[BlackTitle "IM"]
[WhiteElo "2532"]
[BlackElo "2348"]
[WhiteTeam "Ashdod Elit"]
[BlackTeam "Elitsur Ironi Netanya named Itshak Shlakman"]
[WhiteFideId "2804140"]
[BlackFideId "4111893"]
[EventDate "2019.01.04"]
[EventType "team-tourn"]

1. d4 Nf6 2. c4 a6 3. Nc3 c5 4. dxc5 Qa5 5. Bd2 Qxc5 6. e4 e6 7. Bd3 d6 8. Rc1
Qc7 9. f4 Be7 10. Nf3 Nbd7 11. Qe2 O-O 12. O-O Rd8 13. Kh1 Nf8 14. Be3 Bd7 15.
h3 Be8 16. g4 N6d7 17. b4 Rdc8 18. g5 Qd8 19. a3 Kh8 20. f5 a5 21. Bd4 axb4 22.
axb4 Ne5 23. h4 Ra3 24. Nxe5 dxe5 25. Bxe5 f6 26. gxf6 gxf6 27. Bh2 Bxb4 28. Qb2
Be7 29. Rcd1 Bc6 30. fxe6 Qd4 31. Qg2 Rxc3 32. Bb1 Qxc4 33. Rg1 Ng6 34. h5 Rg8
35. Rde1 Bc5 36. Ba2 Ne7 37. Qxg8+ Nxg8 38. Bxc4 Rxc4 39. Rg4 Nh6 40. Rf4 f5 41.
Kg2 Bxe4+ 42. Kh3 Rc3+ 43. Bg3 Bd6 44. Kh4 Ng8 45. Rd1 Be7+ 46. Kh3 Nf6 47. Rh4
Kg7 48. Rd2 Ng4 49. Rxg4+ fxg4+ 50. Kxg4 Kf6 51. Bh4+ Kxe6 52. Re2 Rc4 53. Bxe7
Kxe7 54. Kf4 Kf6 55. Rxe4 Rxe4+ 56. Kxe4 Kg5 0-1